000 00988nam a22003257a 4500
001 BR0301367
003 BR-BrBNA
005 20230928101246.0
007 ta
008 230509b bl.||||| |||| 00| 0 por d
040 _aBR-BrBNA
_bpor
_cBiblioteca Nacional de Agricultura
041 _a(Por)
072 _aQ54; L51
_b5100
090 _ 5100 BR0301367
100 1 _aMoretini, C.A.
110 1 _aUniversidade Federal de Lavras, MG (Brasil)
_0Tese (Mestrado)
245 1 _aAvaliação nutricional de alguns alimentos para eqüinos por meio de ensaios metabólicos
260 3 _aLavras, MG (Brasil):
_c2002.
300 _a55 p.
500 _aSummaries (Eng, Por); Bibliography p. 45-53; 10 tables
650 _aEQÜINO
650 _aALIMENTO ALTERNATIVO
650 _aVALOR NUTRITIVO
650 _aNUTRIÇÃO ANIMAL
650 _aANÁLISE DE ALIMENTO
650 _aDIGESTIBILIDADE APARENTE
650 _aMÉTODO
909 _a202309
_bLucia
_c55
_dLucia Elande
942 _cBK
999 _c64967
_d64967